Catálogo - Centro de Recursos para el Aprendizaje y la Investigación

Volver al Sitio - CRAI Biblioteca

Capital : (Registro nro. 113356)

Detalles MARC
000 -CABECERA
campo de control de longitud fija 01074nam a2200265Ia 4500
001 - NÚMERO DE CONTROL
campo de control 113356
003 - IDENTIFICADOR DEL NÚMERO DE CONTROL
campo de control DR-UNIBE
005 - FECHA Y HORA DE LA ÚLTIMA TRANSACCIÓN
campo de control 20260313062555.0
008 - DATOS DE LONGITUD FIJA--INFORMACIÓN GENERAL
campo de control de longitud fija 250320b2018 dr ||||| |||| 00| 0 spa d
040 ## - FUENTE DE LA CATALOGACIÓN
Centro catalogador/agencia de origen BIBLIOTECA UNIBE
Centro/agencia transcriptor BIBLIOTECA UNIBE
Normas de descripción rda
041 ## - CÓDIGO DE LENGUA
Código de lengua del texto/banda sonora o título independiente spa
082 0# - NÚMERO DE LA CLASIFICACIÓN DECIMAL DEWEY
Número de clasificación RD 394 D245c
100 10 - ENTRADA PRINCIPAL--NOMBRE DE PERSONA
Nombre de persona Dávalos, Mario
Término indicativo de función/relación autor
9 (RLIN) 49439
245 10 - MENCIÓN DE TÍTULO
Título Capital :
Resto del título #Capitalescapital /
Mención de responsabilidad, etc. Mario Dávalos, Camilo Venegas
260 4# - PUBLICACIÓN, DISTRIBUCIÓN, ETC.
Lugar de publicación, distribución, etc. Santo Domingo :
Nombre del editor, distribuidor, etc. Capital DBG,
Fecha de publicación, distribución, etc. 2018
300 4# - DESCRIPCIÓN FÍSICA
Extensión 167 páginas :
Otras características físicas ilustraciones
505 ## - NOTA DE CONTENIDO CON FORMATO
Nota de contenido con formato 1. El colmado |<br/>2. Los parques |<br/>3. El color |<br/>4. El motor |<br/>5. El pollo |<br/>6. El cabello |<br/>7. El sonido |<br/>8. Los puentes |<br/>9. El mar |<br/>10. La fritura |<br/>
650 #7 - PUNTO DE ACCESO ADICIONAL DE MATERIA--TÉRMINO DE MATERIA
Término de materia o nombre geográfico como elemento de entrada Artes
Subdivisión de forma Fotografía
Subdivisión geográfica República Dominicana
9 (RLIN) 203203
650 #7 - PUNTO DE ACCESO ADICIONAL DE MATERIA--TÉRMINO DE MATERIA
Término de materia o nombre geográfico como elemento de entrada Estilo de vida
Fuente del encabezamiento o término lemb
Subdivisión geográfica República Dominicana
9 (RLIN) 203204
650 #7 - PUNTO DE ACCESO ADICIONAL DE MATERIA--TÉRMINO DE MATERIA
Término de materia o nombre geográfico como elemento de entrada Comercio
Fuente del encabezamiento o término lemb
Subdivisión geográfica República Dominicana
9 (RLIN) 36904
651 #7 - PUNTO DE ACCESO ADICIONAL DE MATERIA--NOMBRE GEOGRÁFICO
Fuente del encabezamiento o término lemb
Nombre geográfico República Dominicana
Subdivisión de forma Vida social y costumbres
9 (RLIN) 193270
951 ## - EQUIVALENCIA O REFERENCIA-CRUZADA--NOMBRE GEOGRÁFICO/NOMBRE DE ÁREA [OBSOLETO] [solamente CAN/MARC]
Nombre geográfico 20061022 10:18:00
700 ## - PUNTO DE ACCESO ADICIONAL--NOMBRE DE PERSONA
Nombre de persona Venegas, Camilo,
Fechas asociadas al nombre 1967 -
Término indicativo de función/relación autor
9 (RLIN) 84383
942 ## - ELEMENTOS DE PUNTO DE ACCESO ADICIONAL (KOHA)
Tipo de ítem Koha Libro (general)
Fuente del sistema de clasificación o colocación Sistema de Clasificación Decimal Dewey
Existencias
Estado de retiro Estado de pérdida Fuente del sistema de clasificación o colocación No para préstamo Código de colección Localización permanente Fecha de adquisición Total de préstamos Signatura topográfica completa Código de barras Fecha visto por última vez Número de copia Precio válido a partir de Tipo de ítem Koha
  Disponible Sistema de Clasificación Decimal Dewey   General Biblioteca Central UNIBE 01/02/2025   RD 394 D245c 250172 21/03/2025 Ej. 1 21/03/2025 Libro (general)